Lectoescritura inicial; un enfoque piagetiano /
Guardado en:
| Autor Principal: | |
|---|---|
| Formato: | Libro |
| Publicado: |
Argentina :
Plus Ultra,
1979
|
| Series: | Bibl. de cult. pedag., 2
|
| Materias: | |
| Etiquetas: |
Agregar Etiqueta
Sin Etiquetas, Sea el primero en etiquetar este registro!
|
| LEADER | 00762nam a22002175a 4500 | ||
|---|---|---|---|
| 001 | CEM.cems003122 | ||
| 005 | 19000101000000.0 | ||
| 008 | 130507s1979##################000#0#####d | ||
| 003 | CEMS | ||
| 082 | 0 | 4 | |a 372.21 |
| 100 | 1 | |a Gómez, Germán Rafael | |
| 245 | 1 | 0 | |a Lectoescritura inicial; un enfoque piagetiano / |c Germán Rafael Gómez |
| 260 | |a Argentina : |b Plus Ultra, |c 1979 | ||
| 300 | |a 167 p. | ||
| 490 | 0 | |a Bibl. de cult. pedag., 2 | |
| 505 | 0 | |a Problema del aprendizaje de la lecto ecritura.- Experiencias.- El nuevo metodo para ense¤ar a leer y escribir.- La lectura l¢gica.- | |
| 653 | |a Educacion | ||
| 653 | |a Educacion preescolar | ||
| 653 | |a Lectoescritura inicial | ||
| 653 | |a Piaget | ||
| 859 | |a CEMS |b BIB. CEMS - 11 de abril |h 372.21 |i G585 |p 8018.80 |t Ej.1 | ||
